000
00318nam a2200133Ia 4500
005
20260328104333.0
008
260328s9999||||xx |||||||||||||| ||und||
100
_a
Fiell, Charlotte
245
0
_a
1000 Lights /
_c
Charlotte Fiell
260
_b
Taschen
300
_a
575 p.
650
_a
DISEÑO INDUSTRIAL
942
_c
BK
999
_c
11787
_d
11787